00486nam a2200181Ia 4500003000400000005001700004008004100021020002200062040000700084041000800091082002300099100002200122245006900144260004000213300001800253365001300271650002000284OSt20230429104536.0210423s2017 xx 000 0 und d a978-93-86021-61-8 cAL aeng a823.914 223bSINU aSINGH (Khushwant) aUuforgettable: his finest fiction non fictiion poetry and humour aNew DelhibALEPH Book Companyc2017 axxxvi,423bPB b599cINR aEnglish Fiction